[Event "V Campeonato de España de Selecciones Au"]
[Site "Tossa de Mar"]
[Date "2010.04.30"]
[Round "3"]
[White "Alonso Rosell, Alvar"]
[Black "Martinez Ramirez, Erik"]
[Result "1-0"]
[WhiteElo "2509"]
[BlackElo "2162"]
[PlyCount "101"]
[EventDate "2010.04.29"]
[EventType "team"]
[EventRounds "6"]
[EventCountry "ESP"]
[WhiteTeam "Catalunya A"]
[BlackTeam "Catalunya B"]

1. d4 Nf6 2. c4 g6 3. Nc3 d5 4. Nf3 Bg7 5. Qb3 dxc4 6. Qxc4 O-O 7. e4 a6 8. e5
b5 9. Qb3 Nfd7 10. e6 fxe6 11. Be3 Nb6 12. Be2 Nd5 13. O-O c5 14. dxc5 Bxc3 15.
bxc3 Nxe3 16. fxe3 Qd5 17. Nd4 Rxf1+ 18. Rxf1 Bb7 19. Rf2 Qxb3 20. axb3 e5 21.
Ne6 Nd7 22. b4 Nf6 23. Rf1 Rc8 24. c4 bxc4 25. Bxc4 Bd5 26. Bxa6 Bxe6 27. Bxc8
Bxc8 28. c6 Nd5 29. b5 Nb6 30. e4 Kg7 31. h3 Be6 32. Ra1 Bc8 33. Rd1 Kf6 34.
Rd8 h5 35. Kf2 Kg5 36. Rf8 Kh4 37. Rf7 Kg5 38. Kg3 h4+ 39. Kf3 Nc4 40. Rxe7 Kf6
41. Rb7 Nd2+ 42. Ke3 Nc4+ 43. Ke2 Nd6 44. Rb8 Ke7 45. b6 Ba6+ 46. Ke1 Bb5 47.
Rb7+ Ke8 48. Rd7 Bxc6 49. Rxd6 Bxe4 50. Kf2 Ke7 51. Rxg6 1-0

[Event "V Campeonato de España de Selecciones Au"]
[Site "Tossa de Mar"]
[Date "2010.04.30"]
[Round "3"]
[White "Marin Benito, Carla"]
[Black "Llaneza Vega, Patricia"]
[Result "0-1"]
[WhiteElo "1812"]
[BlackElo "2277"]
[PlyCount "122"]
[EventDate "2010.04.29"]
[EventType "team"]
[EventRounds "6"]
[EventCountry "ESP"]
[WhiteTeam "Catalunya B"]
[BlackTeam "Catalunya A"]

1. e4 c5 2. Nc3 a6 3. d3 e6 4. g3 b5 5. Bg2 Bb7 6. Be3 d5 7. exd5 Nf6 8. d4 c4
9. Nf3 Nxd5 10. Nxd5 Bxd5 11. O-O Be7 12. Re1 O-O 13. Ne5 Bxg2 14. Kxg2 Qd5+
15. Qf3 Qxf3+ 16. Nxf3 Nc6 17. c3 f6 18. Rad1 Rfd8 19. Bf4 Kf7 20. h4 h6 21. g4
Bd6 22. Bxd6 Rxd6 23. Nd2 Rad8 24. f4 e5 25. fxe5 fxe5 26. Ne4 Rd5 27. Rf1+ Kg8
28. Nc5 exd4 29. Nxa6 dxc3 30. Rxd5 Rxd5 31. bxc3 Ne5 32. g5 hxg5 33. hxg5 Ng4
34. Kh3 Rxg5 35. Kh4 Ne3 36. Rf3 Re5 37. Rf2 Nd5 38. Rb2 Nxc3 39. Nc7 Re2 40.
Rb4 Rxa2 41. Nxb5 Ra4 42. Rxa4 Nxa4 43. Nd4 Kf7 44. Kg5 c3 45. Nc2 Nc5 46. Kf5
Nd3 47. Ke4 Nb2 48. Kf5 g6+ 49. Kg5 Nd1 50. Kg4 Kf6 51. Kf4 g5+ 52. Kg4 Nf2+
53. Kf3 Nd3 54. Ke3 Nc5 55. Kd4 Na4 56. Ke4 Kg6 57. Kf3 Kh5 58. Kg3 Nc5 59. Ne3
Nd3 60. Nc2 g4 61. Kg2 Kh4 0-1

[Event "V Campeonato de España de Selecciones Au"]
[Site "Tossa de Mar"]
[Date "2010.04.30"]
[Round "3"]
[White "Caselas Cabanas, Jacobo"]
[Black "Baron Rodriguez, Jesus"]
[Result "1/2-1/2"]
[WhiteElo "2428"]
[BlackElo "2450"]
[PlyCount "76"]
[EventDate "2010.04.29"]
[EventType "team"]
[EventRounds "6"]
[EventCountry "ESP"]
[WhiteTeam "Galicia"]
[BlackTeam "Aragón"]

1. d4 d5 2. c4 e6 3. Nc3 Nf6 4. Bg5 Nbd7 5. e3 c6 6. cxd5 exd5 7. Bd3 Be7 8.
Qc2 O-O 9. Nf3 Re8 10. O-O g6 11. Rab1 Nh5 12. Bxe7 Qxe7 13. b4 a6 14. a4 Nb6
15. a5 Nd7 16. Rfe1 f5 17. Na4 Ndf6 18. Ne5 Nd7 19. Nf3 Ndf6 20. Ne5 Nd7 21.
Nf3 Ndf6 22. Ne5 Be6 23. Nc5 Ne4 24. f3 Nd6 25. Rbd1 Rac8 26. Qd2 Qg5 27. f4
Qh6 28. Nf3 Rc7 29. Qf2 Nf6 30. h3 Rce7 31. Ne5 Bc8 32. Qf3 Nf7 33. Bc2 Ne4 34.
Rf1 Nxe5 35. fxe5 Nxc5 36. bxc5 Rf8 37. Qg3 Be6 38. h4 Rg7 1/2-1/2

[Event "V Campeonato de España de Selecciones Au"]
[Site "Tossa de Mar"]
[Date "2010.04.30"]
[Round "3"]
[White "Antoli Royo, Joaquin Miguel"]
[Black "Suarez Pousa, Diego"]
[Result "0-1"]
[WhiteElo "2399"]
[BlackElo "2419"]
[PlyCount "104"]
[EventDate "2010.04.29"]
[EventType "team"]
[EventRounds "6"]
[EventCountry "ESP"]
[WhiteTeam "Aragón"]
[BlackTeam "Galicia"]

1. e4 e5 2. Nf3 Nc6 3. Nc3 Nf6 4. d4 exd4 5. Nd5 Be7 6. Bc4 O-O 7. O-O d6 8.
Nxd4 Nxd4 9. Qxd4 Nxd5 10. Bxd5 Bf6 11. Qd3 Re8 12. c3 Qe7 13. Bf4 a5 14. a4
Be5 15. Be3 Bf6 16. Bf4 Ra6 17. Bc4 Ra8 18. Bd5 g6 19. Rae1 Bd7 20. Bb3 Bc6 21.
Bc2 Bg7 22. Bd2 Qf6 23. f4 Re7 24. Qg3 Rae8 25. f5 Qe5 26. Bf4 Qc5+ 27. Be3 Be5
28. Qg4 Qc4 29. Bg5 Rd7 30. Qd1 d5 31. fxg6 hxg6 32. Bb3 Qc5+ 33. Kh1 dxe4 34.
Qg4 Bg7 35. Rd1 Rf8 36. Rxd7 Bxd7 37. Qxd7 Qxg5 38. Bxf7+ Kh8 39. Qh3+ Qh6 40.
Qe6 Qh5 41. Qxe4 Be5 42. g3 Bxg3 43. Qg2 Bd6 44. Rf2 Kg7 45. Bb3 Bxh2 46. Rxf8
Bf4+ 47. Kg1 Kxf8 48. Qxb7 Be3+ 49. Kf1 Qf5+ 50. Ke2 Qf2+ 51. Kd3 Qd2+ 52. Kc4
Qe2+ 0-1

[Event "V Campeonato de España de Selecciones Au"]
[Site "Tossa de Mar"]
[Date "2010.04.30"]
[Round "3"]
[White "Sanchez Aller, Fernando"]
[Black "Fontana Sotomayor, Luis Javier"]
[Result "1-0"]
[WhiteElo "2290"]
[BlackElo "2364"]
[PlyCount "81"]
[EventDate "2010.04.29"]
[EventType "team"]
[EventRounds "6"]
[EventCountry "ESP"]
[WhiteTeam "Galicia"]
[BlackTeam "Aragón"]

1. e4 Nf6 2. e5 Nd5 3. d4 d6 4. c4 Nb6 5. f4 dxe5 6. fxe5 Nc6 7. Be3 Bf5 8. Nc3
e6 9. Nf3 Bg4 10. Be2 Bxf3 11. gxf3 Qh4+ 12. Bf2 Qf4 13. c5 Nd5 14. Nxd5 exd5
15. Qd2 Qxd2+ 16. Kxd2 g6 17. Be3 Ne7 18. Bd3 Kd7 19. h4 h5 20. Bf1 Nf5 21. Bh3
Ke6 22. Bg5 Bg7 23. b4 Rhe8 24. Rhe1 Bf8 25. a4 b6 26. Rec1 bxc5 27. bxc5 Rab8
28. Rab1 a6 29. Kc3 Be7 30. Rxb8 Rxb8 31. Bxf5+ gxf5 32. Bxe7 Kxe7 33. Rg1 f4
34. Rg5 Rb1 35. Rxh5 Rc1+ 36. Kd2 Rc4 37. Kd3 Rxa4 38. Rf5 Ra3+ 39. Ke2 a5 40.
Rxf4 Ra2+ 41. Kd3 1-0

[Event "V Campeonato de España de Selecciones Au"]
[Site "Tossa de Mar"]
[Date "2010.04.30"]
[Round "3"]
[White "Forcen Esteban, Daniel"]
[Black "Villar Perez, Samuel"]
[Result "1-0"]
[WhiteElo "2343"]
[BlackElo "2086"]
[PlyCount "147"]
[EventDate "2010.04.29"]
[EventType "team"]
[EventRounds "6"]
[EventCountry "ESP"]
[WhiteTeam "Aragón"]
[BlackTeam "Galicia"]

1. e4 c5 2. Nf3 Nc6 3. d4 cxd4 4. Nxd4 Qb6 5. Nb3 Nf6 6. Nc3 e6 7. Be3 Qc7 8.
f4 Bb4 9. Bd3 d5 10. e5 Ne4 11. Bxe4 dxe4 12. O-O Bxc3 13. bxc3 Ne7 14. Bc5 b6
15. Bd6 Qd7 16. Qe2 Bb7 17. Nd2 e3 18. Nf3 O-O 19. Nd4 Rfc8 20. Qxe3 Nd5 21.
Qf2 Nxc3 22. f5 Ne4 23. Qf4 Rd8 24. fxe6 fxe6 25. Rae1 Nxd6 26. exd6 Bd5 27. h3
Qxd6 28. Qf7+ Kh8 29. Nxe6 Bxe6 30. Rxe6 Qc5+ 31. Qf2 Qxf2+ 32. Rxf2 Rd7 33.
Rc6 Kg8 34. c4 Re8 35. Rc2 g6 36. Kh2 Re5 37. c5 bxc5 38. R6xc5 Rxc5 39. Rxc5
Kf7 40. Rc6 Ke7 41. Ra6 Kd8 42. Kg3 Ke7 43. Kf4 Kf7 44. a4 Kf8 45. a5 Ke8 46.
Ke5 Ke7 47. Re6+ Kf7 48. Rc6 Ke7 49. a6 Rd8 50. g4 Rd7 51. g5 Kf7 52. h4 Re7+
53. Kd5 Rd7+ 54. Kc5 Re7 55. Rc8 Ke6 56. Kc6 Kf5 57. Rb8 Kg4 58. Rb4+ Kg3 59.
Kd6 Re3 60. Kc7 Re7+ 61. Kb8 Kh3 62. Rb7 Re6 63. Kxa7 Kxh4 64. Rb5 Kh5 65. Ra5
h6 66. gxh6+ Kxh6 67. Kb7 g5 68. a7 Re8 69. a8=Q Rxa8 70. Rxa8 Kh5 71. Kc6 Kg4
72. Rf8 Kh3 73. Kd5 g4 74. Ke4 1-0

[Event "V Campeonato de España de Selecciones Au"]
[Site "Tossa de Mar"]
[Date "2010.04.30"]
[Round "3"]
[White "Redondo Arguelles, Graciela"]
[Black "Garcia Vicente, Nieves"]
[Result "0-1"]
[WhiteElo "2078"]
[BlackElo "2209"]
[PlyCount "92"]
[EventDate "2010.04.29"]
[EventType "team"]
[EventRounds "6"]
[EventCountry "ESP"]
[WhiteTeam "Galicia"]
[BlackTeam "Aragón"]

1. e4 e5 2. Nf3 Nc6 3. Bb5 Nf6 4. d3 Bc5 5. O-O Nd4 6. Nxd4 Bxd4 7. c3 Bb6 8.
Bg5 h6 9. Bh4 c6 10. Ba4 g5 11. Bg3 d6 12. Kh1 Be6 13. Bc2 h5 14. f3 h4 15. Be1
Nh5 16. d4 Qf6 17. Kg1 exd4 18. Bf2 Nf4 19. Re1 h3 20. Bxd4 Nxg2 21. Rf1 Bxd4+
22. Qxd4 Qxd4+ 23. cxd4 O-O-O 24. Nc3 Ne3 25. Rf2 Rhg8 26. Bb3 Bxb3 27. axb3
Kb8 28. Re1 Ng2 29. Rd1 Rg6 30. d5 c5 31. Ne2 Re8 32. Ng3 Nf4 33. Kh1 a5 34.
Nf5 b6 35. Ne3 Kc7 36. Rfd2 Nh5 37. Rg1 Nf6 38. Rg3 g4 39. Rf2 gxf3 40. Rgxf3
Rxe4 41. Rxh3 Kd7 42. Rhf3 Ke8 43. Rf1 b5 44. R1f2 Nd7 45. Nf1 Ne5 46. Rd2 Nxf3
0-1

[Event "V Campeonato de España de Selecciones Au"]
[Site "Tossa de Mar"]
[Date "2010.04.30"]
[Round "3"]
[White "Alvarez Fernandez, Enrique"]
[Black "De La Villa Garcia, Jesus Maria"]
[Result "1/2-1/2"]
[WhiteElo "2366"]
[BlackElo "2494"]
[PlyCount "93"]
[EventDate "2010.04.29"]
[EventType "team"]
[EventRounds "6"]
[EventCountry "ESP"]
[WhiteTeam "Asturias"]
[BlackTeam "Navarra"]

1. d4 Nf6 2. Bf4 g6 3. e3 Bg7 4. h3 O-O 5. Nf3 d6 6. Be2 c5 7. c3 Be6 8. dxc5
dxc5 9. Qxd8 Rxd8 10. Nbd2 Nc6 11. O-O Nd5 12. Bg3 Nb6 13. Ne4 Na4 14. Bb5 Bf5
15. Bxa4 Bxe4 16. Rfd1 Bxf3 17. gxf3 Ne5 18. Bxe5 Bxe5 19. Rxd8+ Rxd8 20. Rd1
Bd6 21. f4 Kf8 22. Kg2 e6 23. Kf3 Ke7 24. Bc2 Rc8 25. Be4 f5 26. Bd3 a6 27. Bf1
Rg8 28. Bd3 Rb8 29. Rd2 Bc7 30. Bf1 Rg8 31. Rd1 h6 32. Ke2 g5 33. fxg5 hxg5 34.
Bg2 Rb8 35. Bf3 b5 36. Rg1 Kf6 37. Rd1 b4 38. cxb4 Rxb4 39. b3 c4 40. Rd4 Bb6
41. Rxc4 Rxc4 42. bxc4 e5 43. Bb7 a5 44. Kd3 f4 45. Bc8 fxe3 46. fxe3 Ke7 47.
Bg4 1/2-1/2

[Event "V Campeonato de España de Selecciones Au"]
[Site "Tossa de Mar"]
[Date "2010.04.30"]
[Round "3"]
[White "Zamarbide Inarrea, Borja"]
[Black "Andres Gonzalez, Ivan"]
[Result "1/2-1/2"]
[WhiteElo "2191"]
[BlackElo "2340"]
[PlyCount "94"]
[EventDate "2010.04.29"]
[EventType "team"]
[EventRounds "6"]
[EventCountry "ESP"]
[WhiteTeam "Navarra"]
[BlackTeam "Asturias"]

1. f4 c5 2. b3 Nc6 3. Bb2 Nf6 4. Nf3 e6 5. e3 a6 6. g3 d5 7. Bg2 g6 8. O-O Bg7
9. Qe2 O-O 10. d3 d4 11. e4 Ng4 12. Nbd2 Ne3 13. Rfc1 e5 14. Nc4 exf4 15. gxf4
Nxc4 16. bxc4 Bh6 17. Ng5 Bxg5 18. fxg5 Qxg5 19. Rf1 Bh3 20. Ba3 b5 21. Qf3
Bxg2 22. Qxg2 Qxg2+ 23. Kxg2 b4 24. Rf6 Rac8 25. Bb2 Kg7 26. Raf1 Ne5 27. Rxa6
Ng4 28. Kg3 Ne3 29. Re1 f6 30. c3 bxc3 31. Bxc3 Ra8 32. Rxa8 Rxa8 33. Bd2 Nc2
34. Rb1 Rxa2 35. Rb7+ Kf8 36. Bf4 Ra3 37. Bd6+ Kg8 38. Bxc5 Rxd3+ 39. Kf4 Ne3
40. e5 fxe5+ 41. Kxe5 Nxc4+ 42. Ke6 Rf3 43. Bxd4 h5 44. Rg7+ Kf8 45. Rh7 Ke8
46. Rh8+ Rf8 47. Rxf8+ Kxf8 1/2-1/2

[Event "V Campeonato de España de Selecciones Au"]
[Site "Tossa de Mar"]
[Date "2010.04.30"]
[Round "3"]
[White "Fidalgo Fernandez, Javier"]
[Black "Zamarbide Inarrea, Daniel"]
[Result "1-0"]
[WhiteElo "2301"]
[BlackElo "2162"]
[PlyCount "83"]
[EventDate "2010.04.29"]
[EventType "team"]
[EventRounds "6"]
[EventCountry "ESP"]
[WhiteTeam "Asturias"]
[BlackTeam "Navarra"]

1. Nf3 g6 2. e4 Bg7 3. d4 c5 4. c3 cxd4 5. cxd4 d5 6. exd5 Nf6 7. Bb5+ Nbd7 8.
d6 O-O 9. dxe7 Qxe7+ 10. Be2 Re8 11. Nc3 Ne4 12. Nd5 Qd6 13. Ne3 Nb6 14. O-O
Bd7 15. a4 Rad8 16. a5 Nd5 17. Nc4 Qb8 18. Nce5 Bf5 19. Qb3 f6 20. Bc4 Be6 21.
Nd3 Kh8 22. Re1 Bg8 23. Nb4 Nxb4 24. Bxg8 Rxg8 25. Rxe4 Nd5 26. Bd2 Rd7 27.
Rae1 Rgd8 28. h4 h6 29. g3 Qc8 30. Qd3 Rd6 31. R4e2 Qg4 32. Re4 Qd7 33. Kg2 Qf7
34. Qb5 R6d7 35. Qe2 Kh7 36. Re6 Nc7 37. Re7 Qd5 38. h5 g5 39. Qd3+ Kg8 40. Qg6
Rxe7 41. Rxe7 Ne6 42. Qf7+ 1-0

[Event "V Campeonato de España de Selecciones Au"]
[Site "Tossa de Mar"]
[Date "2010.04.30"]
[Round "3"]
[White "Montoya Irigoyen, Inigo"]
[Black "Marcos Pinto, Luis"]
[Result "0-1"]
[WhiteElo "2083"]
[BlackElo "2186"]
[PlyCount "30"]
[EventDate "2010.04.29"]
[EventType "team"]
[EventRounds "6"]
[EventCountry "ESP"]
[WhiteTeam "Navarra"]
[BlackTeam "Asturias"]

1. c4 Nf6 2. g3 c6 3. Bg2 e5 4. d4 exd4 5. Qxd4 d5 6. Nc3 dxc4 7. Qxc4 Be6 8.
Qh4 Be7 9. Nf3 Nbd7 10. O-O Qb6 11. Rd1 Ng4 12. Bg5 Nxf2 13. Qd4 Nxd1 14. Qxb6
Nxb6 15. Rxd1 Rd8 0-1

[Event "V Campeonato de España de Selecciones Au"]
[Site "Tossa de Mar"]
[Date "2010.04.30"]
[Round "3"]
[White "Cacho Reigadas, Sergio"]
[Black "Mascaro March, Pedro"]
[Result "1-0"]
[WhiteElo "2496"]
[BlackElo "2359"]
[PlyCount "57"]
[EventDate "2010.04.29"]
[EventType "team"]
[EventRounds "6"]
[EventCountry "ESP"]
[WhiteTeam "Cantabria"]
[BlackTeam "Balears"]

1. Nf3 Nf6 2. g3 d5 3. Bg2 c6 4. b3 Bg4 5. Bb2 Nbd7 6. O-O e6 7. d3 Bc5 8. Nbd2
O-O 9. h3 Bxf3 10. Bxf3 Qe7 11. a3 a5 12. c3 e5 13. e4 dxe4 14. dxe4 Rfd8 15.
Qc2 h5 16. b4 Ba7 17. Kg2 a4 18. c4 Bd4 19. Bxd4 exd4 20. Rae1 c5 21. b5 h4 22.
Bd1 hxg3 23. f4 Nh7 24. Qd3 Kh8 25. e5 g5 26. Bc2 Nhf8 27. fxg5 Nxe5 28. Qxg3
Re8 29. Nf3 1-0

[Event "V Campeonato de España de Selecciones Au"]
[Site "Tossa de Mar"]
[Date "2010.04.30"]
[Round "3"]
[White "Pons Carreras, David"]
[Black "Bolado Saez, Sergio"]
[Result "1-0"]
[WhiteElo "2297"]
[BlackElo "2335"]
[PlyCount "89"]
[EventDate "2010.04.29"]
[EventType "team"]
[EventRounds "6"]
[EventCountry "ESP"]
[WhiteTeam "Balears"]
[BlackTeam "Cantabria"]

1. d4 Nf6 2. Nf3 g6 3. c4 Bg7 4. Nc3 O-O 5. e4 d6 6. Be2 e5 7. d5 Nbd7 8. Bg5
h6 9. Bh4 Nc5 10. Nd2 a5 11. O-O Bd7 12. b3 Nfxe4 13. Bxd8 Nxc3 14. Qe1 Rfxd8
15. Nb1 Nxe2+ 16. Qxe2 e4 17. Na3 c6 18. Rad1 Be5 19. f4 Bg7 20. dxc6 Bxc6 21.
f5 Be5 22. Nc2 Nd3 23. fxg6 fxg6 24. Rxd3 exd3 25. Qxd3 Kg7 26. Nd4 Bd7 27. Nf3
Bf6 28. Nh4 Be8 29. Qg3 Bg5 30. Qf2 Rd7 31. Qd4+ Kg8 32. Nf3 Be7 33. Nd2 d5 34.
cxd5 Rad8 35. Ne4 Rxd5 36. Nf6+ Bxf6 37. Qxf6 R5d7 38. h4 h5 39. Kh2 Bf7 40.
Rf2 Re8 41. Qb6 Re4 42. Qf6 Re8 43. Qc3 a4 44. bxa4 Rde7 45. Rc2 1-0

[Event "V Campeonato de España de Selecciones Au"]
[Site "Tossa de Mar"]
[Date "2010.04.30"]
[Round "3"]
[White "Perez Lopez, Jesus Maria"]
[Black "Tattersall Rodriguez, Lester"]
[Result "1-0"]
[WhiteElo "2266"]
[BlackElo "2285"]
[PlyCount "117"]
[EventDate "2010.04.29"]
[EventType "team"]
[EventRounds "6"]
[EventCountry "ESP"]
[WhiteTeam "Cantabria"]
[BlackTeam "Balears"]

1. d4 Nf6 2. c4 g6 3. Nc3 Bg7 4. e4 d6 5. f3 O-O 6. Bg5 c5 7. d5 Nbd7 8. Nh3 a6
9. a4 Qa5 10. Nf2 Ne5 11. Bd2 e6 12. Be2 h5 13. O-O Qc7 14. a5 exd5 15. cxd5 b5
16. axb6 Qxb6 17. Na4 Qc7 18. h3 a5 19. f4 Ned7 20. Re1 Bb7 21. Bc3 h4 22. Bf3
Bh6 23. e5 Ne8 24. e6 fxe6 25. Rxe6 Ndf6 26. Qd3 Bg7 27. Rae1 Bc8 28. Re7 Bf5
29. Qc4 Qd8 30. Ng4 Rf7 31. Bxf6 Nxf6 32. Rxf7 Kxf7 33. Nc3 Rb8 34. Ne5+ dxe5
35. fxe5 Rxb2 36. e6+ Ke8 37. Na4 Rb4 38. Qxc5 Nxd5 39. Qc6+ Ke7 40. Bxd5 Qd6
41. Qa8 Bd4+ 42. Kh1 Rxa4 43. Bc6 Rc4 44. Qe8+ Kf6 45. Qf7+ Kg5 46. e7 Rxc6 47.
e8=Q Bf6 48. Qe3+ Qf4 49. Qfa7 Rc3 50. Qxf4+ Kxf4 51. Qxa5 Kg5 52. Qb6 Rd3 53.
Qf2 Bd4 54. Qe2 Bc3 55. Rc1 Bd4 56. Rc4 Bf6 57. Rc6 Bd4 58. Rd6 Kh6 59. Rxd4
1-0

[Event "V Campeonato de España de Selecciones Au"]
[Site "Tossa de Mar"]
[Date "2010.04.30"]
[Round "3"]
[White "Gaya Llodra, Juan"]
[Black "Martin Fuentes, Alberto"]
[Result "1/2-1/2"]
[WhiteElo "2262"]
[BlackElo "2247"]
[PlyCount "133"]
[EventDate "2010.04.29"]
[EventType "team"]
[EventRounds "6"]
[EventCountry "ESP"]
[WhiteTeam "Balears"]
[BlackTeam "Cantabria"]

1. d4 Nf6 2. Nf3 c5 3. d5 g6 4. Nc3 Bg7 5. g3 d6 6. Bg2 O-O 7. O-O Na6 8. h3
Nc7 9. a4 b6 10. e4 Rb8 11. Nd2 a6 12. Nc4 b5 13. axb5 axb5 14. Na5 Bd7 15. Nc6
Bxc6 16. dxc6 b4 17. Nd5 e6 18. Nxf6+ Bxf6 19. Bh6 Re8 20. f4 Nb5 21. Qg4 Nd4
22. e5 Bg7 23. Bxg7 Kxg7 24. Ra7 Re7 25. Rxe7 Qxe7 26. exd6 Qxd6 27. c3 bxc3
28. bxc3 Nxc6 29. Rd1 Qc7 30. Qe2 Rd8 31. Rxd8 Nxd8 32. Qb5 Qd6 33. h4 h5 34.
Qe8 f6 35. Be4 f5 36. Bf3 Nf7 37. Qb5 e5 38. Qb7 Kf6 39. Bd5 Qe7 40. Qc6+ Kg7
41. fxe5 Nxe5 42. Qc8 Nf7 43. Kg2 Nh6 44. Kh3 Nf7 45. c4 Nd8 46. Qa8 Kh6 47.
Qa1 Kh7 48. Qa8 Kg7 49. Qa1+ Kh7 50. Qa8 Nf7 51. Qc8 Nh6 52. Qb8 Nf7 53. Qc8
Nd8 54. Qb8 Kh6 55. Qf4+ Kg7 56. Qb8 Nf7 57. Qc8 f4 58. Bxf7 Kxf7 59. gxf4 Qe3+
60. Kg2 Qe2+ 61. Kg3 Qd3+ 62. Kg2 Qxc4 63. Qd7+ Kg8 64. Qe8+ Kg7 65. Qe5+ Kf7
66. Qc7+ Kf6 67. Qe5+ 1/2-1/2

[Event "V Campeonato de España de Selecciones Au"]
[Site "Tossa de Mar"]
[Date "2010.04.30"]
[Round "3"]
[White "Ruiz Marana, Alejandro"]
[Black "Castell Cantero, Salvador"]
[Result "1-0"]
[WhiteElo "2206"]
[BlackElo "1945"]
[PlyCount "121"]
[EventDate "2010.04.29"]
[EventType "team"]
[EventRounds "6"]
[EventCountry "ESP"]
[WhiteTeam "Cantabria"]
[BlackTeam "Balears"]

1. d4 d5 2. Bf4 Nf6 3. Nf3 e6 4. e3 c5 5. c3 Nc6 6. Nbd2 Be7 7. h3 O-O 8. Bd3
Re8 9. Ne5 Nd7 10. Bxh7+ Kf8 11. Nxf7 Kxf7 12. Qh5+ Kf8 13. Bg6 Nf6 14. Qh8+
Ng8 15. Nf3 Bf6 16. Bxe8 Qxe8 17. Bd6+ Be7 18. dxc5 Bxd6 19. cxd6 Qg6 20. O-O
Bd7 21. Rad1 Qh6 22. Qxh6 Nxh6 23. Rfe1 Nf7 24. e4 dxe4 25. Rxe4 e5 26. Re2 Rd8
27. Red2 Be6 28. b3 Ke8 29. c4 b6 30. Kh2 Kd7 31. Ng1 Ng5 32. Re1 Rf8 33. Re3
Rf4 34. Rg3 Rf5 35. h4 Nf7 36. Rxg7 Nd4 37. f3 Kxd6 38. Ne2 Kc5 39. Nxd4 exd4
40. Rg4 d3 41. Rg6 Re5 42. Rxe6 Rxe6 43. Rxd3 Ne5 44. Rd5+ Kb4 45. f4 Nc6 46.
Rd2 Kc3 47. Rf2 Rf6 48. g4 Kd4 49. Kg3 Ke3 50. Rf3+ Ke4 51. Rf1 Nd4 52. Re1+
Kd3 53. f5 Ne2+ 54. Kf3 Nd4+ 55. Kf4 Rf7 56. h5 a5 57. h6 Kc3 58. Rh1 Ne6+ 59.
Ke5 Ng5 60. Rh5 Nh7 61. g5 1-0

[Event "V Campeonato de España de Selecciones Au"]
[Site "Tossa de Mar"]
[Date "2010.04.30"]
[Round "3"]
[White "Gallardo Pina, Neus"]
[Black "Calvo Fernandez, Isabel"]
[Result "1-0"]
[WhiteElo "1808"]
[BlackElo "1562"]
[PlyCount "73"]
[EventDate "2010.04.29"]
[EventType "team"]
[EventRounds "6"]
[EventCountry "ESP"]
[WhiteTeam "Balears"]
[BlackTeam "Cantabria"]

1. f4 Nf6 2. Nf3 d5 3. e3 Bf5 4. b3 Nbd7 5. Bb2 e6 6. g3 c5 7. Bg2 Bd6 8. O-O
O-O 9. d3 b5 10. c4 a6 11. Na3 Rb8 12. Qe2 h6 13. Ne5 Bxe5 14. fxe5 Nh7 15.
cxd5 Bg6 16. dxe6 fxe6 17. d4 Ng5 18. d5 exd5 19. Bxd5+ Bf7 20. Rxf7 Nxf7 21.
e6 Nf6 22. exf7+ Kh8 23. Rd1 Qe7 24. Bxf6 Qxf6 25. Qf2 Rbd8 26. Qxf6 gxf6 27.
e4 Rxf7 28. Rf1 Rff8 29. Rc1 f5 30. Rxc5 fxe4 31. Bxe4 Rd1+ 32. Kg2 Rd2+ 33.
Kh3 Kg7 34. Rc2 Rxc2 35. Nxc2 a5 36. Nd4 Rf2 37. Bc6 1-0

[Event "V Campeonato de España de Selecciones Au"]
[Site "Tossa de Mar"]
[Date "2010.05.01"]
[Round "4"]
[White "Alsina Leal, Daniel"]
[Black "Moreno Ruiz, Javier"]
[Result "1/2-1/2"]
[WhiteElo "2548"]
[BlackElo "2459"]
[PlyCount "105"]
[EventDate "2010.04.29"]
[EventType "team"]
[EventRounds "6"]
[EventCountry "ESP"]
[WhiteTeam "Catalunya A"]
[BlackTeam "Madrid"]

1. e4 c5 2. Nf3 g6 3. d4 cxd4 4. Nxd4 Nc6 5. c4 Bg7 6. Nc2 Nf6 7. Nc3 d6 8. Be2
O-O 9. O-O Nd7 10. Bd2 a5 11. Qc1 Nc5 12. Bh6 a4 13. Bxg7 Kxg7 14. Rb1 Qa5 15.
Qd2 f5 16. exf5 Bxf5 17. Rbd1 Ne4 18. Nxe4 Qxd2 19. Rxd2 Bxe4 20. Nd4 Nxd4 21.
Rxd4 Bc6 22. Bg4 Ra5 23. Re1 Rf7 24. Be6 Rf6 25. f4 Kf8 26. h4 h5 27. g3 Rc5
28. Rd3 b5 29. cxb5 Bxb5 30. Rc3 Rxc3 31. bxc3 Bd3 32. Kf2 Bf5 33. Bc4 e5 34.
Bd5 Ke7 35. Re2 a3 36. Re3 Kd7 37. c4 Be6 38. Rxa3 Bxd5 39. cxd5 exf4 40. Rf3
Rf5 41. Rxf4 Rxd5 42. Rf6 g5 43. hxg5 Rxg5 44. Kf3 Kc6 45. Kf4 Ra5 46. Rf5 Rxa2
47. Rxh5 Ra4+ 48. Ke3 d5 49. Rh8 Kd6 50. Rg8 Ke5 51. Re8+ Kf5 52. Rf8+ Ke5 53.
Re8+ 1/2-1/2

[Event "V Campeonato de España de Selecciones Au"]
[Site "Tossa de Mar"]
[Date "2010.05.01"]
[Round "4"]
[White "Almagro Llamas, Pablo"]
[Black "Narciso Dublan, Marc"]
[Result "0-1"]
[WhiteElo "2450"]
[BlackElo "2530"]
[PlyCount "98"]
[EventDate "2010.04.29"]
[EventType "team"]
[EventRounds "6"]
[EventCountry "ESP"]
[WhiteTeam "Madrid"]
[BlackTeam "Catalunya A"]

1. e4 Nf6 2. e5 Nd5 3. d4 d6 4. c4 Nb6 5. exd6 exd6 6. Nc3 Nc6 7. b3 Be7 8. Be3
O-O 9. Be2 Bf5 10. Nf3 Bf6 11. O-O Re8 12. Rc1 d5 13. c5 Nc8 14. h3 h6 15. a3
N8e7 16. b4 a6 17. Re1 Be6 18. g4 g5 19. Qd2 Bg7 20. h4 Bxg4 21. hxg5 Nf5 22.
Nh2 Bxe2 23. Rxe2 hxg5 24. Bxg5 Qd7 25. Kh1 Ncxd4 26. Rxe8+ Rxe8 27. Rg1 Re6
28. Qd1 Rg6 29. Be3 Rxg1+ 30. Qxg1 Nxe3 31. fxe3 Nf5 32. Nd1 Qe6 33. Qg4 d4 34.
e4 Qxe4+ 35. Qxe4 Ng3+ 36. Kg2 Nxe4 37. Nb2 f5 38. Nf3 Kf7 39. Ne1 Ke6 40. Kf3
Bh6 41. Ned3 Kd5 42. Ke2 Nc3+ 43. Kf3 Nb1 44. a4 Nd2+ 45. Ke2 Be3 46. b5 axb5
47. axb5 f4 48. Ke1 f3 49. Kd1 Ne4 0-1

[Event "V Campeonato de España de Selecciones Au"]
[Site "Tossa de Mar"]
[Date "2010.05.01"]
[Round "4"]
[White "Romero Holmes, Alfonso"]
[Black "Roa Alonso, Santiago"]
[Result "1/2-1/2"]
[WhiteElo "2515"]
[BlackElo "2434"]
[PlyCount "110"]
[EventDate "2010.04.29"]
[EventType "team"]
[EventRounds "6"]
[EventCountry "ESP"]
[WhiteTeam "Catalunya A"]
[BlackTeam "Madrid"]

1. c4 e6 2. d4 d5 3. g3 Nf6 4. Bg2 Bb4+ 5. Nd2 Nc6 6. cxd5 exd5 7. Ngf3 O-O 8.
O-O Re8 9. Nb3 Ne4 10. Bf4 a5 11. Nc1 a4 12. a3 Bf8 13. Nd3 f6 14. Rc1 Bf5 15.
Re1 Qd7 16. Nc5 Bxc5 17. dxc5 d4 18. Rc4 Be6 19. Rxa4 Rxa4 20. Qxa4 g5 21. Bc1
Nxc5 22. Qb5 Ne4 23. Rd1 Nd6 24. Qc5 Bb3 25. Rxd4 Nxd4 26. Nxd4 Ne4 27. Bxe4
Rxe4 28. Nxb3 Qd1+ 29. Kg2 Qxb3 30. Be3 Qc4 31. Qf5 Qc6 32. Kg1 Re5 33. Qc8+
Re8 34. Qf5 Rd8 35. f3 Re8 36. Kf2 Re5 37. Qd3 Qd5 38. Bd4 Re6 39. Qc3 Rc6 40.
Qe3 Qe6 41. Qxe6+ Rxe6 42. g4 Kf7 43. e4 Rc6 44. Bc3 Ke6 45. Kg3 Rc4 46. h4
gxh4+ 47. Kxh4 b5 48. Kh5 c5 49. g5 f5 50. Kh6 fxe4 51. fxe4 Rxe4 52. Kxh7 Kf5
53. Bf6 b4 54. axb4 cxb4 55. Kg7 Re2 1/2-1/2